000 01652cam a22003854a 4500
999 _c57507
_d57507
001 12776205
005 20200630131313.0
008 020515s2002 ne b 001 0 eng
010 _a 2002069490
020 _a1402006195 (alk. paper)
020 _a9781402006197
040 _aDLC
_cDLC
_dDLC
041 _aeng
042 _apcc
050 0 0 _aQA329.6
_b.E36 2002
080 _a515.723 E-24
082 0 0 _a515/.723
_221
100 1 _aEdmunds, D. E.
_q(David Eric)
_98907
245 1 0 _aBounded and compact integral operators /
_cby David E. Edmunds, Vakhtang Kokilashvili, and Alexander Meskhi.
260 _aDordrecht ;
_aBoston :
_bKluwer Academic Publishers,
_cc2002.
300 _axvi, 643 p. ;
_c25 cm.
490 1 _aMathematics and its applications ;
_vv. 543
504 _aIncludes bibliographical references (p. 622-639) and index.
650 0 _aIntegral operators.
_98685
653 _aმათემატიკა
653 _aინტეგრალები
700 1 _aKokilashvili, V. M.
_q(Vakhtang Mikhaĭlovich)
_eავტორი
_98354
700 1 _aMeskhi, Alexander.
_eავტორი
_98357
830 0 _aMathematics and its applications (Kluwer Academic Publishers) ;
_vv. 543.
_98688
856 4 2 _3Publisher description
_uhttp://www.loc.gov/catdir/enhancements/fy0822/2002069490-d.html
856 4 1 _3Table of contents only
_uhttp://www.loc.gov/catdir/enhancements/fy0822/2002069490-t.html
906 _a7
_bcbc
_corignew
_d1
_eocip
_f20
_gy-gencatlg
942 _2udc
_cBK
955 _apc25 2002-05-15 to ASCD
_cjp43 2002-05-16 to jp99
_aaa07 2002-05-23
_aps10 2002-06-11 bk rec'd, to CIP ver.
_ajp00 2002-06-17